Termodin mica / Yunus A. Cengel Michael A. Boles (Registro nro. 27732)

Detalles MARC
000 -LÍDER
fixed length control field 00484nam a2200169 4500
020 ## - NÚMERO INTERNACIONAL NORMALIZADO PARA LIBROS
ISBN 978-607-15-0743-3
050 ## - SIGNATURA TOPOGRAFICA DE LA BIBLIOTECA DEL CONGRESO (LC)
Número de Clasificación QC311 C4618 2012
082 ## - NUMERO DE CLASIFICACION DECIMAL DEWEY
Número de Clasificación 536.7 C395t 2012
100 ## - ASIENTO PRINCIPAL--NOMBRE PERSONAL
Nombre personal Cengel, Yunus A.
245 ## - TÍTULO
Título Termodin mica / Yunus A. Cengel Michael A. Boles
250 ## - MENCIÓN DE EDICIÓN
Mención de edición 4 / 7 Ingles
260 ## - PUBLICACIÓN, DISTRIBUCIÓN, ETC. (PIE DE IMPRENTA)
Lugar de publicación, distribución, etc. México: McGraw-Hill
300 ## - DESCRIPCIÓN FÍSICA
Extensión xxv, 1009 p. / 27 cm.
500 ## - NOTA GENERAL
Nota general Incluye: ap‚ndice, tablas
650 ## - ASIENTO SECUNDARIO DE MATERIA - TERMINO TEMÁTICO
Término temático o nombre geográfico como elemento de entrada 1. TERMODINÁMICA
700 ## - ASIENTO SECUNDARIO - NOMBRE PERSONAL
Nombre personal I. Boles, Michael A., Coaut.
Existencias
No. biblioteca No. biblioteca Número de clasificación Código de barras/Número de adquisición Número de copia Tipo de material
ÁREA DE BÁSICAS ÁREA DE BÁSICAS 536.7 C395t 2012 52668 1 Libros
Calzada Tecnológico # 27, Zacatepec, Morelos.
01(734) 343-07-23 / 343-21-10 / 343-21-11
Apdo. Postal 45 C.P 62780